[Event "GER-ch Net qual1 U18"]
[Site "Playchess.com INT"]
[Date "2011.05.01"]
[Round "4"]
[White "Goebel, Constantin"]
[Black "Schaller, Tobias"]
[Result "1-0"]
[WhiteElo "2259"]
[BlackElo "1961"]
[PlyCount "107"]
[EventDate "2011.05.01"]
[EventType "swiss (blitz)"]
[EventRounds "7"]
[EventCountry "GER"]
[SourceTitle "CBM 142 Extra"]
[Source "ChessBase"]
[SourceDate "2011.06.27"]
[SourceVersion "1"]
[SourceVersionDate "2011.06.27"]
[SourceQuality "1"]

1. e4 e6 2. d4 d5 3. Nc3 dxe4 4. Nxe4 Nd7 5. Nf3 Ngf6 6. Bd3 b6 7. Nxf6+ Nxf6 8. Bb5+ Bd7 9. Qe2 Bd6 10. Bg5 h6 11. Bxf6 Qxf6 12. Bxd7+ Kxd7 13. Ne5+ Ke8 14. 0-0-0 a6 15. Qe4 Rd8 16. Qc6+ Ke7 17. Nf3 Rhe8 18. Rhe1 Kf8 19. Kb1 Kg8 20. d5 a5 21. Re2 Re7 22. dxe6 Rxe6 23. Rxe6 Qxe6 24. h3 Qf6 25. a3 Kh7 26. Re1 Qg6 27. Qe4 Qxe4 28. Rxe4 Rd7 29. Ka2 Re7 30. Rxe7 Bxe7 31. Kb3 f6 32. a4 Kg6 33. Kc4 Kf7 34. Kd5 Bd6 35. Kc6 Ke8 36. Nd4 Be5 37. Ne6 Ke7 38. Nxc7 Bxb2 39. Nd5+ Ke6 40. Nxb6 Kf5 41. Nc4 Bc3 42. Kd5 Bb4 43. g3 Kg6 44. Ke6 f5 45. Ne5+ Kh7 46. Kxf5 Bc5 47. f3 Bf2 48. g4 Bb6 49. Ng6 Kg8 50. c4 Bc5 51. h4 Bb4 52. h5 Bd2 53. Ke6 Bb4 54. Kd5 1-0

[Event "GER-ch Net qual1 U18"]
[Site "Playchess.com INT"]
[Date "2011.05.01"]
[Round "2"]
[White "Schaller, Tobias"]
[Black "Mons, Leon"]
[Result "0-1"]
[WhiteElo "1961"]
[BlackElo "2220"]
[PlyCount "46"]
[EventDate "2011.05.01"]
[EventType "swiss (blitz)"]
[EventRounds "7"]
[EventCountry "GER"]
[SourceTitle "CBM 142 Extra"]
[Source "ChessBase"]
[SourceDate "2011.06.27"]
[SourceVersion "1"]
[SourceVersionDate "2011.06.27"]
[SourceQuality "1"]

1. e4 g6 2. d4 Bg7 3. c3 d6 4. f4 Nf6 5. Bd3 e5 6. Nf3 Bg4 7. Be3 exd4 8. Bxd4 Nc6 9. Be3 Qe7 10. Nbd2 Nxe4 11. Nxe4 f5 12. 0-0 fxe4 13. Bxe4 Qxe4 14. Re1 0-0 15. Bd4 Bxf3 16. Qxf3 Bxd4+ 17. cxd4 Qxf3 18. gxf3 Nxd4 19. Re7 c5 20. Rxb7 Rab8 21. Rxa7 Rxb2 22. Rf1 Rxf4 23. Rf2 Nxf3+ 0-1